Economic–Environmental Performance of Reverse Logistics of Disposable Beverage Packaging
Cieľom článku je poskytnúť analýzu a popis systému zálohovania a recyklácie jednorazových nápojových obalov, ktorý začal v Slovenskej republike v roku 2022. Článok poskytuje prehľad relevantnej literatúry so zameraním na obehové hospodárstvo a systém vrátenia záloh. Analýza systémov refundácie.
Saved in:
| Main Author: | |
|---|---|
| Other Authors: | , |
| Format: | Book Chapter |
| Language: | English |
| Subjects: | |
| Tags: |
No Tags, Be the first to tag this record!
|
MARC
| LEADER | 00000naa a2200000 4500 | ||
|---|---|---|---|
| 001 | 0287345 | ||
| 005 | 20240502083917.5 | ||
| 041 | 0 | |a eng | |
| 044 | |a CH | ||
| 245 | 1 | 0 | |a Economic–Environmental Performance of Reverse Logistics of Disposable Beverage Packaging |c Marcela Malindžáková, Jana Štofková, Milan Majerník |
| 520 | |a Cieľom článku je poskytnúť analýzu a popis systému zálohovania a recyklácie jednorazových nápojových obalov, ktorý začal v Slovenskej republike v roku 2022. Článok poskytuje prehľad relevantnej literatúry so zameraním na obehové hospodárstvo a systém vrátenia záloh. Analýza systémov refundácie. | ||
| 610 | 2 | 0 | |a hospodárstvo obehové |
| 610 | 2 | 0 | |a refundácia |
| 610 | 2 | 0 | |a obaly |
| 610 | 2 | 0 | |a environmentalistika |
| 610 | 2 | 0 | |a logistika reverzná |
| 100 | 1 | |a Malindžáková, Marcela | |
| 700 | 1 | |a Štofková, Jana | |
| 700 | 1 | |a Majerník, Milan, 1952- | |